Personnage des aventures de Tintin : Nestor - Statistiques

Statistiques générales
  • Ce quiz a été pris 138 fois
  • Le résultat moyen est 10 sur 16
Statistiques - réponses
Questions Réponses % Correct
Château dans lequel Nestor exerce sa fonction. Le Château de Moulinsart
97%
Profession de Nestor. Majordome
96%
Accessoire que Nestor doit constamment proposer à Haddock dans "Les Sept Boules de Cristal", signe faussement aristocratique de la rapide ascension sociale d'Haddock, passé de marin à châtelain depuis l'album précédent. Le monocle
90%
Enfant qui donne le tournis à Nestor pendant l'absence d'Haddock et de Tintin (dans "Coke en stock"). Abdallah
88%
Nom des deux frères que servit Nestor avant qu'ils ne soient arrêtés. Les frères Maxime et Gustave Loiseau
85%
Ville d'Italie d'où provient le beau lustre du premier étage du château et dont Nestor se désola qu'il fût "en mille miettes" (dans L'Affaire Tournesol). Venise
83%
Communauté dont Nestor s'étonna que Haddock les invita à s'installer près du château. Les Romanichels
81%
Album des aventures de Tintin dans lequel apparaît Nestor pour la première fois. Le Secret de la Licorne
80%
Port de la façade atlantique de la France où se rend Nestor en toute hâte, hélas trop tard pour retrouver Haddock déjà parti avec Tintin pour l'Amérique du sud. Il est fort peiné qu'il manquât à Haddock des accessoires (réponse précédente) de rechange. La Rochelle
75%
Roi de France dit le "Juste" qui a donné son nom au style de mobilier de la chambre où Nestor invita Bianca Castafiore à s'installer dans le château. Louis XIII
63%
Roi de France, père du précédent, à qui la Castafiore associe erronément le style de mobilier de cette chambre, si bien que Nestor la reprend. Henri IV
57%
Costume distinctif que porte Nestor comme la plupart des hommes remplissant sa fonction. Se dit aussi des vêtements que les rois et les princes donnaient à leurs courtisans et qui étaient à leurs couleurs ou à leurs armes. La livrée
40%
Service que le Capitaine Haddock passablement endormi demande à Nestor de lui apporter au lit alors que Tintin le fit marcher en pleine nuit jusqu'à Wadesdah après l'accident d'avion. Son petit-déjeuner
37%
Prénoms par lesquels la Castafiore appelle Nestor. Norbert
28%
Prénoms par lesquels la Castafiore appelle Nestor. Prosper
14%
Musicien de jazz (batteur), membre des Collégiens de Ray Ventura et qui collabora avec Django Reinhardt sur de nombreux enregistrement. Il interpréta Nestor dans les films : "Tintin et le Mystère de la Toison d'or" ainsi que dans "Tintin et les Oranges bleues". Il tint également de nombreux seconds rôles dans le cinéma français, notamment dans "L'homme de Rio", "Ni vu ni connu" ou dans "Babette s'en va-t-en guerre". Max Elloy
12%
Aucun quiz correspondant
Distribution des résultats
% des personnes avec chaque résultat
Percentile par nombre de réponses
Votre historique - résultats
Vous n’avez pas pris ce quiz